Minister for finance Singapore: Budget speech
Đã lưu trong:
| Tác giả chính: | |
|---|---|
| Định dạng: | Sách |
| Ngôn ngữ: | Undetermined |
| Được phát hành: |
1974
|
| Những chủ đề: | |
| Các nhãn: |
Thêm thẻ
Không có thẻ, Là người đầu tiên thẻ bản ghi này!
|
| Thư viện lưu trữ: | Trung tâm Học liệu Trường Đại học Cần Thơ |
|---|
| LEADER | 00491nam a2200193Ia 4500 | ||
|---|---|---|---|
| 001 | CTU_90561 | ||
| 008 | 210402s9999 xx 000 0 und d | ||
| 082 | |a 332 | ||
| 082 | |b S474 | ||
| 100 | |a Hon Sui Sen | ||
| 245 | 0 | |a Minister for finance Singapore: | |
| 245 | 0 | |b Budget speech | |
| 245 | 0 | |c Hon Sui Sen | |
| 260 | |c 1974 | ||
| 650 | |a singapore,finance | ||
| 650 | |x finance | ||
| 650 | |z Singapore | ||
| 904 | |i Mai Loan | ||
| 980 | |a Trung tâm Học liệu Trường Đại học Cần Thơ | ||